000 00658nam a22002057a 4500
999 _c177668
_d177668
005 20210224172531.0
010 _aENG-129050
020 _c295.00
_a978-93-89136-05-0
035 _aEN-112582
037 _bDBAD/PUB
082 _aN
100 _aMudgal, Chitra
245 _aGiligadu: the lost days/
_cChitra Mudgal
260 _aNew Delhi
_bNiyogi Books
_c2019
270 _bNew Delhi
_aBlock D, Building No. 77, Okhla Industrial Area, Phase-I
_e110020
_k11-26816301, 26818960
_mniyogibooks@gmail.com
300 _a167p.
_c22cm(pbk)
500 _aTranslated from Hindi by Priyanka Sarkar
700 _aSarkar, Priyanka, Tr.
942 _2ddc
_cEN
_hN
_mSAR